000 00281nam a2200109Ia 4500
008 200302s9999 xx 000 0 und d
100 _aArian Mostaedi
245 _aNew Perspectives: Cafes,bars & Restaurants
260 _bCarles Broto Publisher
260 _c2007
300 _a253 P.,
999 _c3829
_d3829